LIBRARY & INFORMATION CENTRE, KCAET, TAVANUR

ONLINE PUBLIC ACCESS CATALOGUE (OPAC)

Wind Energy : Fundamentals, Resource Analysis and Economics (Record no. 13837)

MARC details
000 -LEADER
fixed length control field 00328nam a22001217a 4500
020 ## - INTERNATIONAL STANDARD BOOK NUMBER
ISBN 978 3540 309055
082 ## - DEWEY DECIMAL CLASSIFICATION NUMBER
Classification number 621.312 136 SAT/WI
100 ## - MAIN ENTRY--AUTHOR NAME
Personal name Sathyajith Mathew
245 ## - TITLE STATEMENT
Title Wind Energy : Fundamentals, Resource Analysis and Economics
260 ## - PUBLICATION, DISTRIBUTION, ETC. (IMPRINT)
Place of publication The Netherlands
Name of publisher Springer - Verlag
Year of publication 2006
300 ## - PHYSICAL DESCRIPTION
Number of Pages 246
942 ## - ADDED ENTRY ELEMENTS (KOHA)
Koha item type Books
Holdings
Withdrawn status Lost status Damaged status Collection code Home library Current library Shelving location Date acquired Source of acquisition Cost, normal purchase price Full call number Accession Number Koha item type
      Reference KAUAET KAUAET Reference 31/03/2012 Dreamtech ,Thiruvananthapuram 7908.56 621.312 136 SAT/WI 23436 Books
free website counter